00185nam a2200073Ia 4500008004100000100001000041245003900051260002100090170617s9999 xx 000 0 und d aGupta 0aAnatomy and Physiology for Nursing bKumar Publishing